[Event "Guimaraes op 3rd"]
[Site "Guimaraes"]
[Date "2019.08.30"]
[Round "4"]
[White "Portela Peleteiro, Alberto"]
[Black "Martins, Jose Carlos Caetano"]
[Result "1-0"]
[WhiteElo "2375"]
[BlackElo "1655"]
[PlyCount "111"]
[EventDate "2019.08.28"]
[EventType "swiss"]
[EventRounds "7"]
[EventCountry "POR"]
[SourceTitle "EXT 2020"]
[Source "ChessBase"]
[SourceDate "2019.10.17"]
[SourceVersion "1"]
[SourceVersionDate "2019.10.17"]
[SourceQuality "1"]

1. e4 c5 2. g3 Nc6 3. Bg2 g6 4. Ne2 Bg7 5. 0-0 e6 6. c3 Nge7 7. d4 cxd4 8. Nxd4 Nxd4 9. cxd4 d5 10. exd5 Nxd5 11. Nc3 0-0 12. Qb3 Qb6 13. Bxd5 exd5 14. Qxb6 axb6 15. Nxd5 Bxd4 16. Rd1 Bg7 17. Nxb6 Bg4 18. Rd5 Ra6 19. Rb5 Bd4 20. Nd5 Bf3 21. Be3 Bxe3 22. Nxe3 Rd8 23. Rc5 Rd2 24. Rc2 Rxc2 25. Nxc2 Rd6 26. Ne3 Rd2 27. b3 Kg7 28. Nc4 Rc2 29. Ne5 Bc6 30. Nxc6 Rxc6 31. Re1 Rc2 32. a4 Rc3 33. Re3 Rc1+ 34. Kg2 Rb1 35. Kf3 Rb2 36. h4 h5 37. Rd3 Kg8 38. Ke3 Kg7 39. f3 Kf8 40. Kd4 Ke7 41. Kc5 Rg2 42. f4 Kf6 43. Kb6 Kf5 44. Re3 Kg4 45. Kxb7 Rxg3 46. Rxg3+ Kxg3 47. a5 Kxh4 48. a6 Kg4 49. a7 Kxf4 50. a8Q h4 51. Qg8 g5 52. Qxf7+ Kg3 53. Qf1 g4 54. Qg1+ Kh3 55. Qh1+ Kg3 56. Kc6 1-0

[Event "EU-ch U14"]
[Site "Bratislava"]
[Date "2019.08.02"]
[Round "1"]
[White "Djurovic, Peko"]
[Black "Martins, Jose Carlos Caetano"]
[Result "1/2-1/2"]
[WhiteElo "2048"]
[BlackElo "1655"]
[PlyCount "81"]
[EventDate "2019.08.02"]
[EventType "swiss"]
[EventRounds "9"]
[EventCountry "SVK"]
[SourceTitle "EXT 2020"]
[Source "ChessBase"]
[SourceDate "2019.10.17"]
[SourceVersion "1"]
[SourceVersionDate "2019.10.17"]
[SourceQuality "1"]

1. e4 c5 2. Nf3 g6 3. d4 cxd4 4. Qxd4 Nf6 5. e5 Nc6 6. Qa4 Nd5 7. Qe4 Nb6 8. Nc3 Bg7 9. Be3 0-0 10. Be2 d6 11. exd6 Qxd6 12. Rd1 Bf5 13. Rxd6 Bxc3+ 14. bxc3 Bxe4 15. Rd2 Rfd8 16. Bd3 Bxf3 17. gxf3 Ne5 18. Be4 Nbc4 19. Rxd8+ Rxd8 20. Bf4 b6 21. Ke2 f6 22. Rd1 Rxd1 23. Kxd1 e6 24. Bg3 Kf7 25. Ke2 h5 26. h4 Nd6 27. Ke3 Nf5+ 28. Bxf5 exf5 29. Bxe5 fxe5 30. f4 Ke6 31. c4 e4 32. Kd4 Kd6 33. a3 a6 34. a4 a5 35. c5+ bxc5+ 36. Kc4 Kc6 37. c3 Kd6 38. Kb5 g5 39. fxg5 f4 40. Kc4 Ke5 41. f3 1/2-1/2

[Event "Lisbon Portugal op"]
[Site "Lisbon"]
[Date "2019.02.02"]
[Round "1"]
[White "Martins, Jose Carlos Caetano"]
[Black "Fidalgo, Andre Neves"]
[Result "0-1"]
[WhiteElo "1707"]
[BlackElo "2204"]
[PlyCount "62"]
[EventDate "2019.02.02"]
[EventType "swiss"]
[EventRounds "9"]
[EventCountry "POR"]
[SourceTitle "CBM 188 Extra"]
[Source "ChessBase"]
[SourceDate "2019.02.26"]
[SourceVersion "1"]
[SourceVersionDate "2019.02.26"]
[SourceQuality "1"]

1. e4 c5 2. Nf3 Nc6 3. d4 cxd4 4. Nxd4 g6 5. Nc3 Bg7 6. Be3 Nf6 7. Bc4 Qa5 8. 0-0 0-0 9. h3 d6 10. Bb3 Bd7 11. f4 Rac8 12. Re1 Nxd4 13. Bxd4 Be6 14. Kh1 Nd7 15. Bxg7 Kxg7 16. Qd4+ Kg8 17. Nd5 Bxd5 18. exd5 Rfe8 19. Re2 Qc5 20. Qd2 Nf6 21. Rae1 Rc7 22. f5 b5 23. fxg6 hxg6 24. Qg5 Kg7 25. c3 a5 26. a4 bxa4 27. Bxa4 Rb8 28. Bc6 Rxc6 29. Rxe7 Qxd5 30. Qf4 Rxb2 31. R7e4 Nxe4 0-1

[Event "Pontevedra op-B 6th"]
[Site "Pontevedra"]
[Date "2018.08.10"]
[Round "3"]
[White "Cereijo Suarez, Alejandro"]
[Black "Martins, Jose Carlos Caetano"]
[Result "1-0"]
[WhiteElo "1378"]
[BlackElo "1678"]
[PlyCount "77"]
[EventDate "2018.08.08"]
[EventType "swiss"]
[EventRounds "9"]
[EventCountry "ESP"]
[SourceTitle "CBM 186 Extra"]
[Source "ChessBase"]
[SourceDate "2018.08.24"]
[SourceVersion "1"]
[SourceVersionDate "2018.08.24"]
[SourceQuality "1"]

1. d4 Nf6 2. c4 e6 3. Nc3 d5 4. Nf3 Be7 5. e3 0-0 6. Bd3 dxc4 7. Bxc4 c5 8. 0-0 Nc6 9. dxc5 Bxc5 10. a3 a6 11. b4 Be7 12. Bb2 b5 13. Bb3 Bb7 14. Qe2 Qb6 15. Rfd1 Rfd8 16. Rac1 Rxd1+ 17. Rxd1 Rd8 18. Rd2 Rxd2 19. Qxd2 a5 20. bxa5 Nxa5 21. Ba2 Bxf3 22. gxf3 Nc4 23. Bxc4 bxc4 24. Bc1 h6 25. e4 Qa5 26. Qb2 Nd7 27. f4 Nc5 28. Be3 Nd3 29. Bb6 Nxb2 30. Bxa5 Bxa3 31. Kg2 Nd3 32. Kf3 Kf8 33. Ne2 Bc5 34. Nc3 Bxf2 35. Nd1 Bc5 36. Ne3 Bxe3 37. Kxe3 Ke7 38. Bd2 Nc5 39. Bb4 1-0

[Event "Coimbra Queima das Fitas op"]
[Site "Coimbra"]
[Date "2016.04.25"]
[Round "6"]
[White "Silva, Ana Ines Teixeira D"]
[Black "Martins, Jose Carlos Caetano"]
[Result "1-0"]
[WhiteElo "1761"]
[BlackElo "1152"]
[PlyCount "61"]
[EventDate "2016.04.22"]
[EventType "swiss"]
[EventRounds "7"]
[EventCountry "POR"]
[SourceTitle "EXT 2018"]
[Source "ChessBase"]
[SourceDate "2017.10.13"]
[SourceVersion "1"]
[SourceVersionDate "2017.10.13"]
[SourceQuality "1"]

1. e4 c5 2. Nc3 g6 3. g3 Nc6 4. Bg2 Nf6 5. d3 d6 6. h3 Bg7 7. f4 Bd7 8. Nf3 Qc7 9. 0-0 0-0 10. Be3 e6 11. Qd2 d5 12. Bxc5 Rfd8 13. e5 Ne8 14. Be3 Bc8 15. d4 b6 16. g4 Ba6 17. Rfe1 f5 18. Ng5 Qe7 19. gxf5 gxf5 20. Kh1 Nc7 21. Rg1 h6 22. Nf3 Kh7 23. Ne2 Bxe2 24. Qxe2 Nb5 25. Qxb5 Rac8 26. Qe2 Rc7 27. c3 Rdc8 28. Qf2 Nd8 29. Nh4 Nf7 30. Bxd5 exd5 31. Rxg7+ 1-0

[Event "Portugal op"]
[Site "Oeiras"]
[Date "2015.09.05"]
[Round "9"]
[White "Reis, Catarina Lagoa Beir"]
[Black "Martins, Jose Carlos Caetano"]
[Result "1/2-1/2"]
[WhiteElo "1292"]
[BlackElo "1097"]
[PlyCount "62"]
[EventDate "2015.08.30"]
[EventType "swiss"]
[EventRounds "9"]
[EventCountry "POR"]
[SourceTitle "EXT 2016"]
[Source "ChessBase"]
[SourceDate "2015.10.08"]
[SourceVersion "1"]
[SourceVersionDate "2015.10.08"]
[SourceQuality "1"]

1. e4 e5 2. Nf3 Nc6 3. Bb5 a6 4. Bxc6 dxc6 5. 0-0 Bd6 6. d4 exd4 7. Qxd4 f6 8. Be3 Bg4 9. Nbd2 Qd7 10. h3 Be6 11. Rfd1 Ne7 12. Nb3 0-0 13. Nc5 Qc8 14. Qc3 b6 15. Nxe6 Qxe6 16. Qb3 Qxb3 17. axb3 Rfd8 18. Bd4 c5 19. e5 cxd4 20. exd6 Rxd6 21. Rxd4 Rxd4 22. Nxd4 a5 23. b4 Nd5 24. bxa5 Rxa5 25. Rxa5 bxa5 26. c3 Nf4 27. Nb3 Nd3 28. Nxa5 Nxb2 29. Kf1 Kf7 30. Ke2 Ke6 31. Ke3 Kd5 1/2-1/2